| Registos Bibliográficos associados ao registo de autoridade |
|
Etiqueta de registo: 00254nam 2200025 450 001 2285152 003 http://id.bnportugal.gov.pt/bib/catbnp/2285152 100 ## $a20250424d2026 k y0pory01030103ba 101 0# $aeng$dpor 102 ## $aPT 105 ## $aa m 000yy 106 ## $ar 200 1# $aCharacterization of effector-memory CD8+T cells and their association with human cognitive
function$fAndré João Gabriel Esgalhado$gorient. Fernando Aguilar Arosa, Markus Uhrberg 210 #9 $aCovilhã$c[s.n.],$d2026 215 ## $aXXXVI, 127 p.$cil.$d30 cm 328 #1 $aTese dout. Biomedicina, Universidade da Beira Interior, 2026 700 #1 $aEsgalhado,$bAndré João Gabriel$31996785 702 #1 $aArosa,$bFernando Aguilar$4727$3938696 702 #1 $aUhrberg,$bMarkus$4727$31996786 801 #0 $aPT$bBN$gRPC 966 ## $lBN$mFGMON$x1 971 ## $ciquintas$d20260424
|
|
|